000 00925nas a2200277 4500
001 BR2014000872
003 BR-BrBNA
005 20231205123706.0
007 ta
008 230509b bl.|||p| |||| 00| 00por d
040 _aBR-BrBNA
_bpor
_cBiblioteca Nacional de Agricultura
041 _a(Pt)
072 _aH10
100 1 _aMendonça, C.G. de
100 1 _aRaetano, C.G.
100 1 _aMendonça, C.G. de
245 1 _aTensão superficial estática de soluções aquosas com óleos minerais e vegetais utilizados na agricultura
650 _aANÁLISE FÍSICA
650 _aÓLEO MINERAL
650 _aÓLEO VEGETAL
650 _aPROPRIEDADE FÍSICO-QUÍMICA
773 0 _tEngenharia Agrícola (Brazil)
_xISSN 0100-6916
_g(Jan 2007), v. 27(special number) p. 16-23
_wBR2014000872
856 4 0 _uhttp://www.scielo.br/pdf/eagri/v27nspe/03.pdf
909 _a202311
_bLúcia
_c55
_dLúcia Elande
942 _2AGRIS
_n0
_cANA
999 _c235198
_d235198